Datum a čas kvízu

22.5 Celkem bodů Celkový počet nahraných bodů na tomto kvízu bez doplňovacích otázek.
7. Pořadí na kvízu Konečné umístění týmu na tomto kvízu.

Zaznamenané odpovědi

# Otázka Odpověď Body Výsledky
1. Medvědu ušatému jménem Jirka v... Konopiště 0
2. Do tlakové automobilové myčky... kůň (s kočárem) 1
3. Reality show Bachelor ve střed... Sabina (Pšádová) 1
4. V noci na úterý jsme mohli na... C) 6 planet Sluneční soustavy najednou 1
5. Úterní zápas fotbalové Ligy mi... Benfica (Lisabon), Barcelona 0
6. Za půl bodu napište, jak se jm... Tři soutěsky; Čína 0
7. Zhruba od roku 1989 se v Angli... přílivová 0
8. Akademik Lomonosov je ruská ja... B 1
9. Pearl Street Station byla prvn... Thomas Alva Edison 1
10. Téma zakončíme v České republi... 4 0